| Tag |
First Indicator |
Second Indicator |
Subfields |
| LEADER |
00000cgm a2200000Mi 4500 |
| 001 |
in00005569293 |
| 006 |
m o c |
| 007 |
cr |n||||||||a |
| 007 |
vz |za|z| |
| 008 |
160408s1974 inu010 e o vueng d |
| 005 |
20241201231837.2 |
| 035 |
|
|
|a (OCoLC)ocn950267423
|
| 040 |
|
|
|a ALSTP
|b eng
|e rda
|e pn
|c ALSTP
|d OCLCO
|d OCLCF
|d CUS
|d VLB
|d IAA
|d OCLCQ
|d OCLCO
|d FVL
|d OCLCA
|d WYU
|d OCLCA
|d OCL
|d UHL
|d OCL
|d OCLCO
|d OCLCQ
|d OCLCO
|d OCLCL
|
| 019 |
|
|
|a 973344985
|a 1086980571
|a 1113266376
|
| 035 |
|
|
|a (OCoLC)950267423
|z (OCoLC)973344985
|z (OCoLC)1086980571
|z (OCoLC)1113266376
|
| 043 |
|
|
|a n-us---
|
| 050 |
|
4 |
|a PS668
|b .G47 1974v
|
| 049 |
|
|
|a TXAM
|
| 245 |
0 |
0 |
|a Gerald Ford :
|b pardon of Richard Nixon /
|c [produced by Educational Video Group].
|
| 264 |
|
1 |
|a Greenwood, Ind. :
|b Educational Video Group,
|c 1974.
|
| 300 |
|
|
|a 1 online resource (10 min.)
|
| 306 |
|
|
|a 000936
|
| 336 |
|
|
|a two-dimensional moving image
|b tdi
|2 rdacontent
|
| 337 |
|
|
|a video
|b v
|2 rdamedia
|
| 337 |
|
|
|a computer
|b c
|2 rdamedia
|
| 338 |
|
|
|a other
|b vz
|2 rdacarrier
|
| 338 |
|
|
|a online resource
|b cr
|2 rdacarrier
|
| 347 |
|
|
|a video file
|2 rda
|
| 500 |
|
|
|a Title from resource description page (viewed April 08, 2016).
|
| 520 |
|
|
|a This video is a recording of Gerald Ford's pardon of Richard Nixon.
|
| 546 |
|
|
|a In English.
|
| 600 |
1 |
0 |
|a Nixon, Richard M.
|q (Richard Milhous),
|d 1913-1994.
|
| 600 |
1 |
7 |
|a Nixon, Richard M.
|q (Richard Milhous),
|d 1913-1994.
|2 fast
|0 (OCoLC)fst00031384
|1 https://id.oclc.org/worldcat/entity/E39PBJpJfHQR97t6MgGGjKkbh3
|
| 650 |
|
0 |
|a Speeches, addresses, etc., American
|y 20th century.
|
| 651 |
|
0 |
|a United States
|x History.
|
| 650 |
|
6 |
|a Discours américains
|y 20e siècle.
|
| 651 |
|
6 |
|a États-Unis
|x Histoire.
|
| 650 |
|
7 |
|a Speeches, addresses, etc., American.
|2 fast
|0 (OCoLC)fst01129325
|
| 651 |
|
7 |
|a United States.
|2 fast
|0 (OCoLC)fst01204155
|1 https://id.oclc.org/worldcat/entity/E39PBJtxgQXMWqmjMjjwXRHgrq
|
| 648 |
|
7 |
|a 1900-1999
|2 fast
|
| 655 |
|
4 |
|a Streaming videos.
|
| 655 |
|
7 |
|a speeches (documents)
|2 aat
|
| 655 |
|
7 |
|a Speeches.
|2 fast
|0 (OCoLC)fst01774286
|
| 655 |
|
7 |
|a History.
|2 fast
|0 (OCoLC)fst01411628
|
| 655 |
|
7 |
|a Speeches.
|2 lcgft
|
| 655 |
|
7 |
|a Discours.
|2 rvmgf
|
| 700 |
1 |
|
|a Ford, Gerald R.,
|d 1913-2006,
|e speaker.
|1 https://id.oclc.org/worldcat/entity/E39PBJpdPvTCp8kDW48WpxxqwC
|
| 710 |
2 |
|
|a Educational Video Group,
|e production company.
|
| 758 |
|
|
|i has work:
|a Gerald Ford (MovingImage)
|1 https://id.oclc.org/worldcat/entity/E39PCG3FJtjVjc3TDkfpvf4hjK
|4 https://id.oclc.org/worldcat/ontology/hasWork
|
| 856 |
4 |
0 |
|u http://proxy.library.tamu.edu/login?url=https://www.aspresolver.com/aspresolver.asp?AVN2;2874587
|z Connect to this streaming video (Alexander Street Press)
|t 0
|
| 955 |
|
|
|a Alexander Street Press subscription streaming video
|
| 994 |
|
|
|a 92
|b TXA
|
| 999 |
f |
f |
|s 360eef56-a794-43fa-97e5-dca8cbb1f2c5
|i 2bcf2312-99e9-4825-96ff-b1c50ff9d918
|t 0
|
| 952 |
f |
f |
|a Texas A&M University
|b College Station
|c Electronic Resources
|d Available Online
|t 0
|e PS668 .G47 1974v
|h Library of Congress classification
|
| 998 |
f |
f |
|a PS668 .G47 1974v
|t 0
|l Available Online
|